Squadra dell'anno UEFA 2017 - Statistics

Statistiche generali
  • Questo quiz è stato fatto 13 volte
  • Il punteggio medio è 11 su 11
Statistiche sulle risposte
Ruolo Nazione Squadra Giocatore % Corretto
Attaccante Portogallo Real Madrid Cristiano Ronaldo
100%
Difensore Brasile Juventus / Paris Saint-Germain Dani Alves
100%
Portiere Italia Juventus Gianluigi Buffon
100%
Difensore Italia Juventus Giorgio Chiellini
100%
Attaccante Argentina Barcellona Lionel Messi
100%
Centrocampista Croazia Real Madrid Luka Modrić
100%
Centrocampista Germania Real Madrid Toni Kroos
100%
Attaccante Belgio Chelsea Eden Hazard
92%
Centrocampista Belgio Manchester City Kevin De Bruyne
92%
Difensore Spagna Real Madrid Sergio Ramos
92%
Difensore Brasile Real Madrid Marcelo
83%
Nessun quiz corrispondente trovato
Distribuzione punteggi
Percentuale di utenti per punteggio
Percentile per numero di risposta
I tuoi punteggi nel tempo
Non hai fatto questo quiz